000
00218nam a22001097a 4500
041
_a
eng
080
_a
80
100
_a
Busty, Richard
245
_a
Beginners Guide to Bras Rubbing
650
_a
Fiction
999
_c
278247
_d
278247
942
_c
BK